| 000 | 00329nam a2200133Ia 4500 | ||
|---|---|---|---|
| 008 | 200103s9999||||xx |||||||||||||| ||und|| | ||
| 040 | _aIMU-MPC | ||
| 082 | _aColumn-11 | ||
| 100 | _aYakushvoa, A F | ||
| 245 | 0 | _aGeology with the elements of geomorphology | |
| 260 |
_bMir Publishers Moscow _c1986 |
||
| 300 | _a400 | ||
| 942 | _cBK | ||
| 999 |
_c4686 _d4686 |
||